|
|
|
|
| LEADER |
00000Cam#a2200000#a#4500 |
| 001 |
023394 |
| 005 |
20160721160553.0 |
| 008 |
111031s2010||||ag d g#b #000|0#spa#d |
| 040 |
|
|
|a AR-BeUNQ
|
| 082 |
0 |
4 |
|a 384.55
|2 21
|
| 100 |
1 |
|
|a Pisciotta, Néstor Oscar.
|
| 245 |
0 |
2 |
|a Sistema ISDB-Tb,
|c Néstor Oscar Pisciotta.
|p primera parte /
|
| 260 |
|
|
|a Córdoba :
|b Universidad Blas Pascal,
|c 2010.
|
| 300 |
|
|
|a 45 p. :
|b gráficos ;
|c 29 cm.
|
| 490 |
1 |
|
|a Materiales de investigación ;
|
| 504 |
|
|
|a Incluye referencias bibliográficas.
|
| 650 |
|
7 |
|a Telecomunicaciones
|2 spines
|
| 650 |
|
7 |
|a Medios de comunicación de masas
|2 spines
|
| 650 |
|
7 |
|a Sistemas de información
|2 spines
|
| 653 |
|
|
|a Televisión digital
|
| 830 |
|
1 |
|a Materiales de investigación (Universidad Blas Pascal).
|n No. 9
|
| 929 |
|
|
|a CANJE
|b UBP. Biblioteca
|d 0,00
|e 20101125
|f PAT0036344
|j 47151
|
| 942 |
|
|
|c LIB
|n 0
|
| 999 |
|
|
|c 22168
|d 97555
|